00380nam a22001457a 4500003000400000005001700004008004100021020001800062040002200080082001800102100002800120245002600148260004200174300001800216OSt20221031190121.0221006b |||||||| |||| 00| 0 eng d a9968-9937-1-9 cBiblioteca Lado V a769.92bP397s aPeña, Alfonsoeeditor aEl Surco de la gubia/ c2001aCosta RicabGalería Andromeda a35p.c14x20cm